000 00390cam a2200169ua 4500
020 _cRs. 1.50
041 _amal
_h
082 _a894.812308
_bNAR/CH
100 _aNarayana Paniker, R .
245 _aChandranathan
260 _aKollam :
_bSri Ramavilasam Book Dept ,
_c1956.
300 _a156 ; .
365 _aRs. 1.50
504 _a
942 _cBK
999 _c4490
_d4490